Statystyki dla Malik Montana - Haram Masari

Kliknij tutaj aby rozwiązać quiz!

Ogólne statystyki

  • Ten quiz został rozwiązany 13 razy
  • Średni wynik to 7 z 9

Statystyki odpowiedzi

NumerTytułGość% Poprawnych
1Intro
100%
3B.I.G. PoppaTede
92%
9Outro
92%
6Do rana
83%
7Ludzie z górSentino
83%
2Prada
83%
8Za pietnascie trzeciaKaz Bałagane & Smolasty
67%
5Prozac
58%
4Polski SenDiho
50%

Rozkład punktacji

Percentyl według liczby udzielonych odpowiedzi

Procent ludzi z każdym wynikiem

Twoja historia wyników

Nie rozwiązałeś tego quizu